000
00398nam a22001697a 4500
003
MPLRDC
005
20220104123724.0
008
210129b ||||| |||| 00| 0 eng d
082
_a
192.3 YM
100
_a
不详
245
_a
给女人的悄悄话
_c
250
_a
初版
260
_a
台湾
_b
辅新书局
_c
1995
300
_b
440
650
_a
修养; 社交礼仪
942
_c
BK
_o
192.3 YM
999
_c
13678
_d
13668